Statistiques concernant Les footballeurs portugais en 2024 (image)

Cliquez ici pour prendre le quiz!

Statistiques générales

  • Ce quiz a été pris 143 fois
  • Le résultat moyen est 16 sur 20

Statistiques - réponses

Réponse% Correct
Bernardo Silva
100%
Cristiano Ronaldo
97%
Rafael Leão
96%
Bruno Fernandes
95%
João Cancelo
95%
João Felix
95%
Vitinha
95%
Nuno Mendes
92%
Rúben Dias
92%
Diogo Jota
89%
Danilo Pereira
86%
Rui Patricio
86%
Renato Sanches
82%
Raphaël Guerreiro
74%
Diogo Dalot
71%
Nelson Semedo
69%
Rúben Neves
66%
André Silva
63%
Matheus Nunes
55%
João Palhinha
45%

Distribution des résultats

Percentile par nombre de réponses

% des personnes avec chaque résultat

Votre développement - résultats

Vous n’avez pas pris ce quiz